LEADER 01504nam a2200289 4500 001 000000360025 003 CaOOAMICUS 005 20240930112453.0 008 240930s2009 it 000 u ita r 020 $a978-88-15-13450-9 040 $aSeMil$bita 100 1 $aCarrattieri, Mirco,$d<1974- >.$0(OLS)http://semarc/name/120538 245 10$aErmanno Gorrieri (1920-2004) :$bun cattolico sociale nelle trasformazioni del Novecento /$cMirco Carrattieri, Michele Marchi e Paolo Trionfini ; saggio introduttivo di Paolo Pombeni. 264 1$aBologna :$bIl Mulino,$c2009. 300 $a871 p. ;$c22 cm 490 1 $aCollana della Fondazione Ermanno Gorrieri per gli studi sociali 600 14$aGorrieri, Ermannno <1920-2004>.$0(OLS)http://semarc/subject/56379 700 1 $aPombeni, Paolo,$d<1948- >.$0(OLS)http://semarc/name/7725 700 1 $aTrionfini, Paolo,$d<1967- >.$0(OLS)http://semarc/name/30204 700 1 $aMarchi, Michele.$0(OLS)http://semarc/name/120539 830 0$aCollana della Fondazione Ermanno Gorrieri per gli studi sociali.$0(OLS)http://semarc/title/450451 850 $aSeMil 852 $aSeMil$W1$xVenegono$y1$m3N II 825$j251091$B251066$CSeMilBibl$Z2$F251066 $81 996 $6020$a978-88-15-13450-9$9(OLS)http://semarc/number/301347 996 $6245$aErmanno Gorrieri (1920-2004) :$bun cattolico sociale nelle trasformazioni del Novecento$9(OLS)http://semarc/title/450464 996 $6264$aBologna :$bIl Mulino$9(OLS)http://semarc/publisher/29842 LEADER 00940nam a2200241 i 4500 001 000000047274 003 CaOOAMICUS 005 20120305000000.0 008 120305s1977 it u000 u ita u 013 $a18444 040 $aSeMil$bita 245 10$a[«Sacerdozio missionario»]. 260 $aRoma :$bPontificia Unione Missionaria,$c[stampa 1977] 300 $a85 p. ;$c17 cm. 490 0 $aSpiritualitą missionaria ;$vN.1 500 $aContiene : Appendici. 650 4$aMissioni.$0(OLS)http://semarc/subject/3486 650 4$aSpiritualitą.$0(OLS)http://semarc/subject/5428 830 0$aSpiritualitą missionaria ;$vN.1.$0(OLS)http://semarc/title/367 850 $aSeMil 852 $aSeMil$W1$xVenegono$y1$m2C VII 434$j256622$B13429$CSeMilBibl$Z2$F13429 $81 996 $6245$a[«Sacerdozio missionario»]$9(OLS)http://semarc/title/71154 996 $6260$aRoma :$bPontificia Unione Missionaria$9(OLS)http://semarc/publisher/29760